[Event "Continental de las Americas"]
[Site "Buenos Aires"]
[Date "2005.08.11"]
[Round "6.73"]
[White "Varela, Daniel"]
[Black "Perez Wertheim, Rodolfo"]
[Result "1-0"]
[WhiteElo "2113"]
[BlackElo "2000"]
[PlyCount "113"]
[EventDate "2005.08.06"]

1. Nf3 e6 2. g3 f5 3. Bg2 Nf6 4. O-O g6 5. b3 Bg7 6. Bb2 O-O 7. c4 d6 8. d4
Nbd7 9. Ng5 Qe7 10. Nc3 h6 11. Nh3 e5 12. dxe5 dxe5 13. Qc2 Nc5 14. Ba3 Rb8 15.
Rad1 b6 16. e3 Be6 17. Nd5 Qf7 18. Bxc5 bxc5 19. Nxf6+ Bxf6 20. Bd5 Rbd8 21.
Bxe6 Qxe6 22. f3 Bg7 23. Kg2 g5 24. Rxd8 Rxd8 25. Rd1 Rxd1 26. Qxd1 e4 27. Nf2
exf3+ 28. Qxf3 Kh7 29. e4 fxe4 30. Qxe4+ Qxe4+ 31. Nxe4 Bd4 32. Kf3 Kg6 33. g4
h5 34. h3 h4 35. Nd2 Kf6 36. Ke4 c6 37. Nf3 Bf2 38. Ne5 a6 39. Nxc6 Ke6 40. Ne5
Bd4 41. Nf3 Bf6 42. Ne1 Be5 43. Nf3 Bf6 44. Ne1 Be5 45. Nc2 Bc3 46. Ne3 Bd4 47.
Nd5 Be5 48. b4 cxb4 49. Nxb4 a5 50. Nd3 Bc7 51. a4 Bd6 52. Kd4 Be7 53. c5 Bf6+
54. Kc4 Be7 55. Kd4 Bf6+ 56. Kc4 Be7 57. c6 1-0

[Event "Continental de las Americas"]
[Site "Buenos Aires"]
[Date "2005.08.11"]
[Round "6.74"]
[White "Benko, Francisco"]
[Black "Toniutti, Ezio"]
[Result "0-1"]
[WhiteElo "2090"]
[BlackElo "2051"]
[PlyCount "103"]
[EventDate "2005.08.06"]

1. d4 Nf6 2. Nf3 d5 3. Bg5 Nbd7 4. e3 h6 5. Bh4 c6 6. c3 Ne4 7. Nfd2 g5 8. Bg3
Nxg3 9. hxg3 e5 10. dxe5 Bg7 11. f4 Qb6 12. Qe2 Qxb2 13. Nb3 Qxe2+ 14. Bxe2 Nf8
15. N1d2 b6 16. Rc1 Ng6 17. c4 gxf4 18. gxf4 Ne7 19. Bf3 Bd7 20. Kf2 Rc8 21. e4
dxe4 22. Nxe4 O-O 23. Nd6 Rc7 24. g3 c5 25. Be2 Bc6 26. Rhd1 a5 27. Ke3 Rb8 28.
Nb5 Rd7 29. Rxd7 Bxd7 30. Rd1 Be6 31. Nc1 Nc6 32. f5 Bc8 33. f6 Bf8 34. Kf4 h5
35. Bxh5 Bh6+ 36. Kf3 Nxe5+ 37. Ke2 Be6 38. Nc3 Bxc4+ 39. Kf2 Bxc1 40. Be2 Bxe2
41. Kxe2 Bg5 42. Nd5 c4 43. Rf1 Ng6 44. Rf5 Bh6 45. a4 Bf8 46. Ne3 c3 47. Kd3
Rc8 48. Rb5 Bb4 49. Kc2 Nf8 50. Rg5+ Ng6 51. Ng4 Re8 52. Rd5 0-1

[Event "Continental de las Americas"]
[Site "Buenos Aires"]
[Date "2005.08.11"]
[Round "6.75"]
[White "Evans, Pablo"]
[Black "Negri, Santiago"]
[Result "1-0"]
[WhiteElo "2058"]
[BlackElo "2104"]
[PlyCount "91"]
[EventDate "2005.08.06"]

1. e4 c6 2. d4 d5 3. e5 Bf5 4. Nf3 e6 5. Be2 Ne7 6. O-O Nd7 7. Re1 c5 8. c4 a6
9. Bg5 cxd4 10. cxd5 d3 11. Bxd3 Bxd3 12. Qxd3 Nc5 13. Qc2 Qxd5 14. Rd1 Qc6 15.
Rd6 Qc8 16. Na3 Nd5 17. Rd8+ Qxd8 18. Bxd8 Rxd8 19. Nc4 Be7 20. Nd6+ Bxd6 21.
exd6 Nd7 22. Re1 O-O 23. Ng5 N7f6 24. Qc5 h6 25. Nf3 Ne8 26. g3 Rxd6 27. Ne5 b6
28. Qa3 a5 29. Rc1 Nb4 30. Rc8 Nf6 31. Rxf8+ Kxf8 32. Qc3 Nd7 33. Qc8+ Ke7 34.
Qc7 Nd5 35. Nc6+ Rxc6 36. Qxc6 h5 37. a3 g6 38. f4 Nc5 39. Qc8 Nd7 40. Qh8 N7f6
41. Kg2 Kd7 42. h3 Ke7 43. Kf3 Ne8 44. f5 Nec7 45. fxg6 fxg6 46. Qg7+ 1-0

[Event "Continental de las Americas"]
[Site "Buenos Aires"]
[Date "2005.08.11"]
[Round "6.76"]
[White "Barros, Raul"]
[Black "Diaz, Genara"]
[Result "1-0"]
[WhiteElo "2080"]
[BlackElo "2000"]
[PlyCount "83"]
[EventDate "2005.08.06"]

1. d4 d5 2. Nf3 Nf6 3. c4 e6 4. Bg5 Be7 5. e3 h6 6. Bh4 c6 7. Nc3 Nbd7 8. Bd3
Qa5 9. O-O Qb4 10. Qe2 O-O 11. Bg3 c5 12. Bc7 cxd4 13. exd4 Bd8 14. a3 Qe7 15.
Bxd8 Qxd8 16. c5 a6 17. b4 Nb8 18. Ne5 Nc6 19. Nxc6 bxc6 20. f4 Re8 21. Rae1
Nd7 22. Bc2 Nf8 23. Ba4 Bd7 24. Rb1 Qf6 25. Qe5 Qxe5 26. fxe5 Ng6 27. Rf2 Rf8
28. Rbf1 Ne7 29. g4 g5 30. Bc2 Kg7 31. Bd3 Ng8 32. Na4 Be8 33. Nb6 Ra7 34. Nc8
Ra8 35. Nd6 Ra7 36. Kg2 h5 37. gxh5 Nh6 38. Kh1 Rg8 39. h3 Kf8 40. Rg1 g4 41.
Rf6 Nf5 42. Rxf5 1-0